Программное обеспечение для определения индексов каузальности линейных вход-выходных динамических систем; Автоматика и программная инженерия; № 1(7)

Podrobná bibliografie
Parent link:Автоматика и программная инженерия: научно-технический журнал
№ 1(7).— 2014.— [С. 40-50]
Hlavní autor: Малышенко А. М. Александр Максимович
Korporativní autor: Национальный исследовательский Томский политехнический университет (ТПУ) Институт кибернетики (ИК) Кафедра интегрированных компьютерных систем управления (ИКСУ)
Další autoři: Рыбаков А. Е., Кочеткова Е. А.
Shrnutí:Заглавие с экрана
Определена сущность свойства каузальности вход-выходных систем, указана его квалиметрия с использованием индексов каузальности. Приведены сведения о расчете этих индексов системы по ее матрицам смежности и достижимости, а также с использованием программного обеспечения, разработанного авторами для случая линейных динамических систем, процессы в которых описываются математическими моделями с непрерывным и дискретным временем.
Jazyk:ruština
Vydáno: 2014
Témata:
On-line přístup:http://www.nips.ru/images/stories/zhournal-AIPI/9/-1-2014-7.pdf
Médium: MixedMaterials Elektronický zdroj Kapitola
KOHA link:https://koha.lib.tpu.ru/cgi-bin/koha/opac-detail.pl?biblionumber=639823

MARC

LEADER 00000naa0a2200000 4500
001 639823
005 20250225115038.0
035 |a (RuTPU)RU\TPU\network\4335 
035 |a RU\TPU\network\1427 
090 |a 639823 
100 |a 20150325d2014 k||y0rusy50 ca 
101 0 |a rus 
102 |a RU 
135 |a drcn ---uucaa 
181 0 |a i  
182 0 |a b 
200 1 |a Программное обеспечение для определения индексов каузальности линейных вход-выходных динамических систем  |f А. М. Малышенко, А. Е. Рыбаков, Е. А. Кочеткова 
203 |a Текст  |c электронный 
300 |a Заглавие с экрана 
320 |a [Библиогр.: с. 49-50 (16 назв.)] 
330 |a Определена сущность свойства каузальности вход-выходных систем, указана его квалиметрия с использованием индексов каузальности. Приведены сведения о расчете этих индексов системы по ее матрицам смежности и достижимости, а также с использованием программного обеспечения, разработанного авторами для случая линейных динамических систем, процессы в которых описываются математическими моделями с непрерывным и дискретным временем. 
461 |t Автоматика и программная инженерия  |o научно-технический журнал 
463 |t № 1(7)  |v [С. 40-50]  |d 2014 
610 1 |a электронный ресурс 
610 1 |a труды учёных ТПУ 
610 1 |a динамические системы 
610 1 |a вход-выходная динамическая система 
610 1 |a системы автоматического управления 
610 1 |a каузальность 
610 1 |a определение 
610 1 |a программные комплексы 
700 1 |a Малышенко  |b А. М.  |c специалист в области информатики и вычислительной техники  |c профессор Томского политехнического университета, доктор технических наук  |c член-корреспондент Академии электротехнических наук РФ  |c действительный член Международной академии наук высшей школы  |f 1937-  |g Александр Максимович  |3 (RuTPU)RU\TPU\pers\21983  |9 9294 
701 1 |a Рыбаков  |b А. Е. 
701 1 |a Кочеткова  |b Е. А. 
712 0 2 |a Национальный исследовательский Томский политехнический университет (ТПУ)  |b Институт кибернетики (ИК)  |b Кафедра интегрированных компьютерных систем управления (ИКСУ)  |3 (RuTPU)RU\TPU\col\18701 
801 2 |a RU  |b 63413507  |c 20150325  |g RCR 
856 4 |u http://www.nips.ru/images/stories/zhournal-AIPI/9/-1-2014-7.pdf 
942 |c CF